000137725 001__ 137725
000137725 005__ 20220920135206.0
000137725 020__ $$a978-0-387-31073-2
000137725 0247_ $$2doi$$a10.1007/978-0-387-45528-0
000137725 0247_ $$2K10Plus$$aK10Plus:524972141
000137725 0247_ $$2DE-576$$a(DE-576)952497214X
000137725 037__ $$aERESRWTH-2021-00110
000137725 082__ $$a006.4
000137725 1001_ $$aBishop, Christopher M.$$b0
000137725 245__ $$aPattern Recognition and Machine Learning$$cby Christopher M. Bishop
000137725 260__ $$aNew York, NY$$bSpringer Science+Business Media, LLC$$c2006, Corrected at 8th printing 2009
000137725 300__ $$aKapitel 9: S. 423-455
000137725 3367_ $$2BibTeX$$aBOOK
000137725 3367_ $$0PUB:(DE-HGF)3$$2PUB:(DE-HGF)$$aBook$$bbook$$mbook$$s1635842222_5876
000137725 3367_ $$2DataCite$$aOutput Types/Book
000137725 3367_ $$2ORCID$$aBOOK
000137725 3367_ $$01$$2EndNote$$aBook
000137725 3367_ $$2DRIVER$$abook
000137725 4900_ $$aInformation Science and Statistics
000137725 500__ $$aE-Book-Version für die Universitätsbibliothek nicht zu lizenzieren! / Bestand in der RWTH Universitätsbibliothek: gedruckte Ausgabe: 20 Exemplare der gedruckten Ausgabe 2006 ((Corr. at 8. print.)  - New York, NY: Springer, 2009) der in der Lehrbuchsammlung/FNT unter der Signatur: 01:ST 330 0005
000137725 588__ $$aDataset connected to K10Plus
000137725 650_0 $$aArtificial Intelligence (incl. Robotics
000137725 650_0 $$aComputer Science
000137725 650_0 $$aImage Processing and Computer Vision
000137725 650_0 $$aStatistics for Engineering, Physics, Computer Science, Chemistry & Geosciences
000137725 650_0 $$aPattern Recognition
000137725 650_0 $$aArtificial intelligence
000137725 650_0 $$aStatistics
000137725 650_0 $$aOptical data processing
000137725 8564_ $$uhttps://reserves.ub.rwth-aachen.de/record/137725/files/ERESRWTH-2021-00110.pdf$$yRestricted
000137725 909CO $$ooai:reserves.ub.rwth-aachen.de:137725$$pVDB
000137725 9151_ $$0StatID:(DE-HGF)2100$$2StatID$$aDigitalisierungsanfrage / Digitization request$$x0
000137725 9201_ $$0I:(DE-RON)21ws-12.59324$$k21ws-12.59324$$lSeminar Theoretical Topics in Data Science (SE) [21ws-12.59324]$$x0
000137725 961__ $$c2021-11-02T09:45:28.597632$$i2021-10-12T17:12:18.929166$$x2021-10-12T17:12:18.929166$$z2021-11-02T09:45:28.597632
000137725 980__ $$abook
000137725 980__ $$aVDB
000137725 980__ $$aI:(DE-RON)21ws-12.59324
000137725 980__ $$aUNRESTRICTED